Nuevos ensayos de filosofía

Kaydedildi:
Detaylı Bibliyografya
Materyal Türü: Kitap
Dil:İspanyolca
Baskı/Yayın Bilgisi: Madrid Revista Occidente 1968
Edisyon:2a. ed
Konular:
Etiketler: Etiketle
Etiket eklenmemiş, İlk siz ekleyin!

MARC

LEADER 00000cam a2200000 a 4500
001 UCE6511
003 CL-VaPUC
008 150416e19680000sp |||||||||||||||||spa|d
082 0 4 |a 100  |b MAR  |2 21 
245 1 0 |a Nuevos ensayos de filosofía 
250 |a 2a. ed 
300 |a 283 p 
942 |c BK 
945 |d 20150416 10:41:00  |a arojas 
260 |a Madrid  |b Revista Occidente  |c 1968 
650 0 |a Ensayos  |9 268724 
650 0 |a Filosofía   |9 223554 
650 7 |a TEORIA DE LA FILOSOFIA  |2 CL-VaPUC  |9 501558 
583 |a last modification  |c 20150416 10:41:00  |k Rodrigo Vera 
999 |c 358837  |d 358835 
952 |0 0  |1 0  |3 erb  |4 0  |6 100_000000000000000_MAR_1968  |7 0  |8 A  |9 467741  |a BIBEDU  |b BIBEDU  |e Villagrán Garnham, Jorge  |i 5159822  |o 100 MAR 1968  |p 5159822  |r 2019-11-23  |w 2019-11-23  |y BK  |z Catalogado en:20150416  |k FIL